General Knowledge Sports #2 - Statistics

General Stats
  • This quiz has been taken 993 times
  • The average score is 5 of 8
Answer Stats
Question Answer % Correct
What is a name for a brittish sport that is like baseball? Cricket
81%
What is the name of the NBA basketball team that plays in Toronto? Raptors
81%
Where are the 2016 Summer Olympics being held? Rio
80%
Who won the 2010 FIFA World Cup? Spain
75%
In Major League Soccer, where is the Fire located? Chicago
54%
Who was the 2011 NBA first round draft pick? Kyrie Irving
41%
What baseball team does George W. Bush own? Texas Rangers
37%
In college football, where is the Sugar Bowl located? New Orleans
27%
No matching quizzes found
Score Distribution
Percent of People with Each Score
Percentile by Number Answered
Your Score History
You have not taken this quiz